Identifikácia parametrov AM pomocou genetických algoritmov

Na minha lista:
Detalhes bibliográficos
Autor principal: Michalovič, Ján (Author)
Outros Autores: Jovankovič, Ján, 1973- (Thesis advisor)
Formato: Manuscrito Livro
Idioma:eslovaco
Publicado em: Bratislava : STU v Bratislave FEI, 2003
Assuntos:
Tags: Adicionar Tag
Sem tags, seja o primeiro a adicionar uma tag!

MARC

LEADER 00000ntm a22000003a 4500
001 stu83458
005 20160719164717.7
008 040128s2003------------------------slo-d
040 |a STU  |b slo 
041 0 |a slo 
100 1 |a Michalovič, Ján  |4 aut 
245 1 |a Identifikácia parametrov AM pomocou genetických algoritmov 
260 |a Bratislava :  |b STU v Bratislave FEI,  |c 2003 
300 |a 74 s 
650 7 |a automatizácia  |2 stusub 
700 1 |a Jovankovič, Ján,  |d 1973-  |4 ths  |u E010  |T FEI Ústav riadenia a priemyselnej informatiky  |X 4950  |U E010  |Y E010  |7 A000004950